000 00286nam a22001337a 4500
082 _a894.812
100 _aKUTTY K N
245 _aINDIAN NADODIKATHAKAL
250 _a1
260 _aCHENNAI
_bSURA BOOKS
_c2005
300 _a156
650 _aMALAYALAM SHORT STORY
_zKERALA
942 _cBK
999 _c1609
_d1609